<?xml version="1.0" encoding="UTF-8"?>
<record
    xmlns:xsi="http://www.w3.org/2001/XMLSchema-instance"
    xsi:schemaLocation="http://www.loc.gov/MARC21/slim http://www.loc.gov/standards/marcxml/schema/MARC21slim.xsd"
    xmlns="http://www.loc.gov/MARC21/slim">

  <leader>02914nam a2200385 i 4500</leader>
  <controlfield tag="001">000005045</controlfield>
  <controlfield tag="003">DO-SdBNP</controlfield>
  <controlfield tag="005">20260417105320.0</controlfield>
  <controlfield tag="007">ta</controlfield>
  <controlfield tag="008">090729s2003    dr            000 0 spa d</controlfield>
  <datafield tag="020" ind1=" " ind2=" ">
    <subfield code="a">9993403377</subfield>
  </datafield>
  <datafield tag="040" ind1=" " ind2=" ">
    <subfield code="a">DO-SdBNP</subfield>
    <subfield code="b">spa</subfield>
    <subfield code="c">BNPHU</subfield>
    <subfield code="e">rda</subfield>
  </datafield>
  <datafield tag="041" ind1=" " ind2=" ">
    <subfield code="a">spa</subfield>
  </datafield>
  <datafield tag="082" ind1=" " ind2="4">
    <subfield code="a">346.043</subfield>
    <subfield code="b">C577t</subfield>
    <subfield code="2">22</subfield>
  </datafield>
  <datafield tag="100" ind1=" " ind2=" ">
    <subfield code="a">Cipri&#xE1;n, Rafael,</subfield>
    <subfield code="d">1959-</subfield>
    <subfield code="e">autor</subfield>
    <subfield code="4">aut.</subfield>
    <subfield code="9">839</subfield>
  </datafield>
  <datafield tag="245" ind1="1" ind2="0">
    <subfield code="a">Tratado de derecho inmobiliario :</subfield>
    <subfield code="b">bases legales, jurisprudencia, doctrina y procedimientos /</subfield>
    <subfield code="c">Rafael Cipri&#xE1;n ; pr&#xF3;logo, Luis Scheker Ortiz.</subfield>
  </datafield>
  <datafield tag="250" ind1=" " ind2=" ">
    <subfield code="a">primera edici&#xF3;n</subfield>
  </datafield>
  <datafield tag="264" ind1=" " ind2="1">
    <subfield code="a">Santo Domingo :</subfield>
    <subfield code="b">Editora Centenario,</subfield>
    <subfield code="c">2003.</subfield>
  </datafield>
  <datafield tag="300" ind1=" " ind2=" ">
    <subfield code="a">1008 p&#xE1;ginas ;</subfield>
    <subfield code="c">25 cm.</subfield>
  </datafield>
  <datafield tag="336" ind1=" " ind2=" ">
    <subfield code="a">texto</subfield>
    <subfield code="b">txt</subfield>
    <subfield code="2">rdacontent</subfield>
  </datafield>
  <datafield tag="337" ind1=" " ind2=" ">
    <subfield code="a">sin mediaci&#xF3;n</subfield>
    <subfield code="b">n</subfield>
    <subfield code="2">rdamedia</subfield>
  </datafield>
  <datafield tag="338" ind1=" " ind2=" ">
    <subfield code="a">volumen</subfield>
    <subfield code="b">nc</subfield>
    <subfield code="2">rdacarrier</subfield>
  </datafield>
  <datafield tag="500" ind1=" " ind2=" ">
    <subfield code="a">Incluye &#xED;ndice anal&#xED;tico y de nombres</subfield>
  </datafield>
  <datafield tag="504" ind1=" " ind2=" ">
    <subfield code="a">Bibliograf&#xED;a: p&#xE1;ginas 1003-1008</subfield>
  </datafield>
  <datafield tag="505" ind1="0" ind2=" ">
    <subfield code="a">Generalidades sobre los inmuebles --</subfield>
    <subfield code="t">Rese&#xF1;a hist&#xF3;rica --</subfield>
    <subfield code="t">La propiedad p&#xFA;blica inmobiliaria --</subfield>
    <subfield code="t">La propiedad inmobiliaria dominicana precapitalista --</subfield>
    <subfield code="t">Los grandes sistemas de regsitros de la propiedad inmobiliaria --</subfield>
    <subfield code="t">Impacto de ocupaci&#xF3;n militar norteamericana en derecho inmobiliario RD --</subfield>
    <subfield code="t">La gran legislaci&#xF3;n inmobiliaria dominicana --</subfield>
    <subfield code="t">Competencia y atribuciones del Tribunal de Tierras --</subfield>
    <subfield code="t">Procedimiento de saneamiento catastral --</subfield>
    <subfield code="t">R&#xE9;gimen de publicidad y notificaci&#xF3;n de sentencias del Tribunal de Tierras --</subfield>
    <subfield code="t">El decreto de registro --</subfield>
    <subfield code="t">Certificado de t&#xED;tulo inmobiliario --</subfield>
    <subfield code="t">Caracteres del certificado de t&#xED;tulo de propiedad inmobiliaria --</subfield>
    <subfield code="t">Duplicado por p&#xE9;rdida del certificado de t&#xED;tulo --</subfield>
    <subfield code="t">La prueba en materia inmobiliaria --</subfield>
    <subfield code="t">Los recursos contra las decisiones o sentencias del Tribunal de Tierras --</subfield>
    <subfield code="t">La revisi&#xF3;n de oficio de las decisiones de jurisdicci&#xF3;n original --</subfield>
    <subfield code="t">Recurso de casaci&#xF3;n contra las sentencias dictadas por Tribunal de Tierras --</subfield>
    <subfield code="t">Recurso de revisi&#xF3;n por causa de fraude --</subfield>
    <subfield code="t">Recurso de revisi&#xF3;n por causa de error material --</subfield>
    <subfield code="t">Prescripci&#xF3;n y otros medios de inadmisi&#xF3;n y exepci&#xF3;n en materia inmobiliaria --</subfield>
    <subfield code="t">Demanda contra el fondo de seguro de terrenos registrados --</subfield>
    <subfield code="t">Deslinde, subdivisi&#xF3;n y refundici&#xF3;n --</subfield>
    <subfield code="t">Registro de mejoras --</subfield>
    <subfield code="t">Actos jur&#xED;dicos relativos a derechos inmobiliarios --</subfield>
    <subfield code="t">El aluvi&#xF3;n y sus efectos jur&#xED;dicos --</subfield>
    <subfield code="t">Litis sobre derechos registrados --</subfield>
    <subfield code="t">R&#xE9;gimen legal de condominio --</subfield>
    <subfield code="t">Determinaci&#xF3;n de herederos y partici&#xF3;n sucesoria ante Tribunal de Tierras --</subfield>
    <subfield code="t">El embargo inmobiliario.</subfield>
  </datafield>
  <datafield tag="590" ind1=" " ind2=" ">
    <subfield code="a">Inventariado, 2018/LP</subfield>
  </datafield>
  <datafield tag="650" ind1=" " ind2="4">
    <subfield code="a">Bienes ra&#xED;ces</subfield>
    <subfield code="x">Legislaci&#xF3;n</subfield>
    <subfield code="9">14523</subfield>
  </datafield>
  <datafield tag="650" ind1=" " ind2="4">
    <subfield code="a">Derecho de propiedad</subfield>
    <subfield code="9">4070</subfield>
  </datafield>
  <datafield tag="650" ind1=" " ind2="4">
    <subfield code="a">Desarrollo de bienes ra&#xED;ces</subfield>
    <subfield code="x">Legislaci&#xF3;n</subfield>
    <subfield code="9">14524</subfield>
  </datafield>
  <datafield tag="650" ind1=" " ind2="4">
    <subfield code="a">Registro de la propiedad</subfield>
    <subfield code="9">14525</subfield>
  </datafield>
  <datafield tag="650" ind1=" " ind2="4">
    <subfield code="a">Leyes</subfield>
    <subfield code="z">Rep&#xFA;blica Dominicana</subfield>
    <subfield code="9">3033</subfield>
  </datafield>
  <datafield tag="700" ind1="1" ind2=" ">
    <subfield code="a">Scheker Ortiz, Luis,</subfield>
    <subfield code="e">prologuista</subfield>
    <subfield code="4">pr.</subfield>
    <subfield code="9">9515</subfield>
  </datafield>
  <datafield tag="910" ind1=" " ind2=" ">
    <subfield code="a">Validado. Control de calidad MMOLINA</subfield>
  </datafield>
  <datafield tag="942" ind1=" " ind2=" ">
    <subfield code="2">ddc</subfield>
    <subfield code="c">LBS1</subfield>
  </datafield>
  <datafield tag="952" ind1=" " ind2=" ">
    <subfield code="0">0</subfield>
    <subfield code="1">0</subfield>
    <subfield code="2">ddc</subfield>
    <subfield code="5">1</subfield>
    <subfield code="7">0</subfield>
    <subfield code="8">PD</subfield>
    <subfield code="a">BNPHU</subfield>
    <subfield code="b">BNPHU</subfield>
    <subfield code="c">HD</subfield>
    <subfield code="d">2009-07-29</subfield>
    <subfield code="e">Dep&#xF3;sito Legal</subfield>
    <subfield code="l">0</subfield>
    <subfield code="o">BNPHU PD 346.043 C577t</subfield>
    <subfield code="p">5045-10</subfield>
    <subfield code="r">2020-06-25</subfield>
    <subfield code="w">2020-06-25</subfield>
    <subfield code="y">LBS1</subfield>
    <subfield code="Z">No se presta</subfield>
  </datafield>
  <datafield tag="952" ind1=" " ind2=" ">
    <subfield code="0">0</subfield>
    <subfield code="1">0</subfield>
    <subfield code="2">ddc</subfield>
    <subfield code="5">1</subfield>
    <subfield code="7">0</subfield>
    <subfield code="8">PD</subfield>
    <subfield code="a">BNPHU</subfield>
    <subfield code="b">BNPHU</subfield>
    <subfield code="c">HD</subfield>
    <subfield code="d">2009-07-29</subfield>
    <subfield code="e">Dep&#xF3;sito Legal</subfield>
    <subfield code="l">0</subfield>
    <subfield code="o">BNPHU PD 346.043 C577t</subfield>
    <subfield code="p">5045-20</subfield>
    <subfield code="r">2020-06-25</subfield>
    <subfield code="t">e.2</subfield>
    <subfield code="w">2020-06-25</subfield>
    <subfield code="y">LBS1</subfield>
    <subfield code="Z">No se presta</subfield>
  </datafield>
  <datafield tag="952" ind1=" " ind2=" ">
    <subfield code="0">0</subfield>
    <subfield code="1">0</subfield>
    <subfield code="2">ddc</subfield>
    <subfield code="5">6</subfield>
    <subfield code="7">0</subfield>
    <subfield code="8">DS</subfield>
    <subfield code="a">BNPHU</subfield>
    <subfield code="b">BNPHU</subfield>
    <subfield code="c">HD</subfield>
    <subfield code="d">2026-04-17</subfield>
    <subfield code="e">Donado por Ferolina S. Peralta</subfield>
    <subfield code="l">0</subfield>
    <subfield code="o">BNPHU DS 346.043 C577t</subfield>
    <subfield code="p">2026-2838</subfield>
    <subfield code="r">2026-04-17</subfield>
    <subfield code="t">e.3</subfield>
    <subfield code="w">2026-04-17</subfield>
    <subfield code="y">LBS1</subfield>
  </datafield>
  <datafield tag="952" ind1=" " ind2=" ">
    <subfield code="0">0</subfield>
    <subfield code="1">0</subfield>
    <subfield code="2">ddc</subfield>
    <subfield code="5">6</subfield>
    <subfield code="7">0</subfield>
    <subfield code="8">DS</subfield>
    <subfield code="a">BNPHU</subfield>
    <subfield code="b">BNPHU</subfield>
    <subfield code="c">HD</subfield>
    <subfield code="d">2026-04-17</subfield>
    <subfield code="e">Donado por Laura Pujols</subfield>
    <subfield code="l">0</subfield>
    <subfield code="o">BNPHU DS 346.043 C577t</subfield>
    <subfield code="p">2026-2839</subfield>
    <subfield code="r">2026-04-17</subfield>
    <subfield code="t">e.4</subfield>
    <subfield code="w">2026-04-17</subfield>
    <subfield code="y">LBS1</subfield>
    <subfield code="z">Dedicado.</subfield>
  </datafield>
  <datafield tag="999" ind1=" " ind2=" ">
    <subfield code="c">4850</subfield>
    <subfield code="d">4850</subfield>
  </datafield>
</record>
